<?xml version="1.0" encoding="UTF-8"?><?xml-stylesheet type="text/xsl" href="static/style.xsl"?><OAI-PMH xmlns="http://www.openarchives.org/OAI/2.0/" xmlns:xsi="http://www.w3.org/2001/XMLSchema-instance" xsi:schemaLocation="http://www.openarchives.org/OAI/2.0/ http://www.openarchives.org/OAI/2.0/OAI-PMH.xsd"><responseDate>2026-04-17T05:12:59Z</responseDate><request verb="GetRecord" identifier="oai:www.recercat.cat:20.500.12328/4845" metadataPrefix="marc">https://recercat.cat/oai/request</request><GetRecord><record><header><identifier>oai:recercat.cat:20.500.12328/4845</identifier><datestamp>2025-05-16T12:48:06Z</datestamp><setSpec>com_2072_67741</setSpec><setSpec>col_2072_484352</setSpec></header><metadata><record xmlns="http://www.loc.gov/MARC21/slim" xmlns:dcterms="http://purl.org/dc/terms/" xmlns:xsi="http://www.w3.org/2001/XMLSchema-instance" xmlns:doc="http://www.lyncode.com/xoai" xsi:schemaLocation="http://www.loc.gov/MARC21/slim http://www.loc.gov/standards/marcxml/schema/MARC21slim.xsd">
   <leader>00925njm 22002777a 4500</leader>
   <datafield ind2=" " ind1=" " tag="042">
      <subfield code="a">dc</subfield>
   </datafield>
   <datafield ind2=" " ind1=" " tag="720">
      <subfield code="a">rodriguez, sergi</subfield>
      <subfield code="e">author</subfield>
   </datafield>
   <datafield ind2=" " ind1=" " tag="720">
      <subfield code="a">Oviedo, Guillermo R.</subfield>
      <subfield code="e">author</subfield>
   </datafield>
   <datafield ind2=" " ind1=" " tag="720">
      <subfield code="a">López-de-Celis, Carlos</subfield>
      <subfield code="e">author</subfield>
   </datafield>
   <datafield ind2=" " ind1=" " tag="720">
      <subfield code="a">Bosch Sabater, Joan</subfield>
      <subfield code="e">author</subfield>
   </datafield>
   <datafield ind2=" " ind1=" " tag="720">
      <subfield code="a">Jovell Fernandez, Esther</subfield>
      <subfield code="e">author</subfield>
   </datafield>
   <datafield ind2=" " ind1=" " tag="720">
      <subfield code="a">Albert, Pérez-Bellmunt</subfield>
      <subfield code="e">author</subfield>
   </datafield>
   <datafield ind2=" " ind1=" " tag="720">
      <subfield code="a">Cuadra Llopart, Leonor</subfield>
      <subfield code="e">author</subfield>
   </datafield>
   <datafield ind2=" " ind1=" " tag="720">
      <subfield code="a">Rodríguez-Sanz, Jacobo</subfield>
      <subfield code="e">author</subfield>
   </datafield>
   <datafield ind2=" " ind1=" " tag="260">
      <subfield code="c">2025</subfield>
   </datafield>
   <datafield ind2=" " ind1=" " tag="520">
      <subfield code="a">(1) Background: Institutionalized older adults represent a vulnerable population. It is important to understand that higher levels of physical activity in older adults are associated with less risk of cardiovascular diseases, better cognition, and lower inflammaging and sarcopenia levels. The main objective was to evaluate the differences in health parameters in institutionalized older adults who perform different levels of weekly physical activity. The secondary objective was to analyze if weekly physical activity levels are a predictor of health parameters. (2) Methods: A cross-sectional observational study was conducted in nursing homes with adults over 75 years of age. A total of 76 participants was divided into three groups based on their weekly physical exercise frequency (1 day/week, 2 days/week, and 3 days/week). We measured demographic and anthropometric variables, along with cognitive level through the Mini Exam of Lobo. Handgrip strength, leg muscle strength, and power were also evaluated, and C-reactive protein levels were assessed through blood tests. Physical performance was measured using the Short Physical Performance Battery and walking speed. (3) Results: Significant differences were found in body mass index (p &lt; 0.01; ES = 0.96), muscular strength (p &lt; 0.01; ES = 0.70), and power (p &lt; 0.01; ES = 1.09), Short Physical Performance Battery (p &lt; 0.01; ES = 1.46) and walking speed (p &lt; 0.01; ES = 0.87), cognitive function (p &lt; 0.01; ES = 1.21), and C-reactive protein levels (p &lt; 0.01; ES = 1.73), favoring the group who performed 3 days/week of physical activity. (4) Conclusions: Institutionalized older adults with three days per week of physical activity have greater physical and muscle function and less cognitive decline. Three days of weekly physical activity is associated with systemic inflammation and better cognitive status in institutionalized older adults.</subfield>
   </datafield>
   <datafield ind1="8" ind2=" " tag="024">
      <subfield code="a">Rodriguez, Sergi; Oviedo, Guillermo R.; López-de-Celis, Carlos [et al.]. Stay active, stay healthy: a cross-sectional view of the impact of physical activity levels on health parameters of older adults institutionalized in nursing homes of Barcelona. Life, 2025, 15(3), 412. Disponible en: &lt;https://www.mdpi.com/2075-1729/15/3/412>. Fecha de acceso: 2 abr. 2025. DOI: 10.3390/life15030412</subfield>
   </datafield>
   <datafield ind1="8" ind2=" " tag="024">
      <subfield code="a">2075-1729</subfield>
   </datafield>
   <datafield ind1="8" ind2=" " tag="024">
      <subfield code="a">http://hdl.handle.net/20.500.12328/4845</subfield>
   </datafield>
   <datafield ind1="8" ind2=" " tag="024">
      <subfield code="a">https://dx.doi.org/10.3390/life15030412</subfield>
   </datafield>
   <datafield tag="653" ind2=" " ind1=" ">
      <subfield code="a">Envelliment</subfield>
   </datafield>
   <datafield tag="653" ind2=" " ind1=" ">
      <subfield code="a">Adults grans</subfield>
   </datafield>
   <datafield tag="653" ind2=" " ind1=" ">
      <subfield code="a">Institucionalització</subfield>
   </datafield>
   <datafield tag="653" ind2=" " ind1=" ">
      <subfield code="a">Sarcopènia</subfield>
   </datafield>
   <datafield tag="653" ind2=" " ind1=" ">
      <subfield code="a">Sedentarisme</subfield>
   </datafield>
   <datafield tag="653" ind2=" " ind1=" ">
      <subfield code="a">Activitat física</subfield>
   </datafield>
   <datafield tag="653" ind2=" " ind1=" ">
      <subfield code="a">Envejecimiento</subfield>
   </datafield>
   <datafield tag="653" ind2=" " ind1=" ">
      <subfield code="a">Adultos mayores</subfield>
   </datafield>
   <datafield tag="653" ind2=" " ind1=" ">
      <subfield code="a">Institucionalización</subfield>
   </datafield>
   <datafield tag="653" ind2=" " ind1=" ">
      <subfield code="a">Sarcopenia</subfield>
   </datafield>
   <datafield tag="653" ind2=" " ind1=" ">
      <subfield code="a">Sedentarismo</subfield>
   </datafield>
   <datafield tag="653" ind2=" " ind1=" ">
      <subfield code="a">Actividad física</subfield>
   </datafield>
   <datafield tag="653" ind2=" " ind1=" ">
      <subfield code="a">Aging</subfield>
   </datafield>
   <datafield tag="653" ind2=" " ind1=" ">
      <subfield code="a">Older adults</subfield>
   </datafield>
   <datafield tag="653" ind2=" " ind1=" ">
      <subfield code="a">Institutionalization</subfield>
   </datafield>
   <datafield tag="653" ind2=" " ind1=" ">
      <subfield code="a">Sarcopenia</subfield>
   </datafield>
   <datafield tag="653" ind2=" " ind1=" ">
      <subfield code="a">Sedentarism</subfield>
   </datafield>
   <datafield tag="653" ind2=" " ind1=" ">
      <subfield code="a">Physical activity</subfield>
   </datafield>
   <datafield ind2="0" ind1="0" tag="245">
      <subfield code="a">Stay active, stay healthy: a cross-sectional view of the impact of physical activity levels on health parameters of older adults institutionalized in nursing homes of Barcelona</subfield>
   </datafield>
</record></metadata></record></GetRecord></OAI-PMH>